Atadas al deseo = Bound /

Dos mujeres que han iniciado una relación amorosa entre sí, tratarán de robar dos millones de dólares que tiene el amante de una de ellas. Esa cantidad pertenece a la mafia, y está guardada en el departamento mientras lo incluyen en alguna operación de lavado de dinero.

Furkejuvvon:
Bibliográfalaš dieđut
Váldodahkki: Wachowski, Lilly (realización)
Eará dahkkit: Wachowski, Lana (realización) (realización), Wachowski, Lilly (guión) (guión), Wachowski, Lana (guión) (guión), Pope, Bill (fotógrafo) (fotógrafo), Staenberg, Zach (montaje) (montaje), Davis, Don (música) (música), Tilly, Jennifer (actuación) (actuación), Gershon, Gina (actuación) (actuación), Pantoliano, Joe (actuación) (actuación)
Materiálatiipa: Dia
Giella:eaŋgalasgiella
Almmustuhtton: EUA : Dino de Laurentis : Gramercy Pictures : Spelling Entertainment, 1996, c1996
Preanttus:Versión sin calificación en EUA
Fáttát:
Fáddágilkorat: Lasit fáddágilkoriid
Eai fáddágilkorat, Lasit vuosttaš fáddágilkora!

MARC

LEADER 00000ngm^a2200000^a^4500
001 000297904
005 20250521000000.0
009 20260310112352.045
037 |a Acervo ITESO - Biblioteca 
041 |a ING 
082 |a 810.  |b WAC 
100 |a Wachowski, Lilly  |e (realización) 
240 1 1 |a [Cómplices] 
245 1 0 |a Atadas al deseo =  |b Bound /  |c Realización de A. Wachowski, L. Wachowski. 
246 2 |a Título de exhibición cinematográfica en México: Cómplices 
246 2 |a Título en la cubierta: Bound 
250 |a Versión sin calificación en EUA 
264 4 |a EUA :  |b Dino de Laurentis :  |b Gramercy Pictures :  |b Spelling Entertainment,  |c 1996, c1996 
264 2 |a Santa Mónica, EUA :  |b Artisan Entertainment [distribución],  |c 2000, c2000 
300 |a 1 DVD sin dato de región  |c (109 min.) 
336 |a imagen móvil bidimensional  |b tdi  |2 rdacontenido 
337 |a video  |b v  |2 rdamedio 
338 |a videodisco  |b vd  |2 rdasoporte 
520 |a Dos mujeres que han iniciado una relación amorosa entre sí, tratarán de robar dos millones de dólares que tiene el amante de una de ellas. Esa cantidad pertenece a la mafia, y está guardada en el departamento mientras lo incluyen en alguna operación de lavado de dinero. 
546 |a En inglés, con subtítulos opcionales: español, inglés 
546 |a Doblaje opcional: francés 
649 |a XX 
650 |a Películas Policíacas 
650 |a Opera Prima 
650 |a Cine Gay y Lésbico -  |z EUA 
650 |a Cine Independiente -  |z EUA 
650 |a Cine Norteamericano -  |y 1990-1999 
650 |a Cine Norteamericano -  |y Siglo XX 
650 |a Lavado de Dinero 
650 |a Mafia 
650 |a Crimen Organizado 
650 |a Infidelidad 
650 |a Relaciones de Pareja 
650 |a Homosexualidad 
650 |a Sexualidad 
650 |a Traición 
650 |a Confianza 
650 |a Lealtad 
650 |a Violencia 
700 |a Wachowski, Lana  |e (realización) 
700 |a Wachowski, Lilly  |e (guión) 
700 |a Wachowski, Lana  |e (guión) 
700 |a Pope, Bill  |e (fotógrafo) 
700 |a Staenberg, Zach  |e (montaje) 
700 |a Davis, Don  |e (música) 
700 |a Tilly, Jennifer  |e (actuación) 
700 |a Gershon, Gina  |e (actuación) 
700 |a Pantoliano, Joe  |e (actuación) 
910 |a Fondo General 
920 |a Audiovisuales - DVDs 
940 |a Películas 
905 |a 302 
901 |a 0500197953  |b IT2  |c DVS  |i C120953  |u 20250521 
902 |a https://opac.biblio.iteso.mx/vufind/Record/000297904